Continuous martingales and brownian motion

Αποθηκεύτηκε σε:
Λεπτομέρειες βιβλιογραφικής εγγραφής
Κύριοι συγγραφείς: Revuz, D (Συγγραφέας), Yor, Marc (Συγγραφέας)
Μορφή: Βιβλίο
Γλώσσα:Αγγλικά
Έκδοση: Berlín Springer-Verlag 1991
Σειρά:Grundlehren der Mathematischen Wissenschaften, 293
Θέματα:
Ετικέτες: Προσθήκη ετικέτας
Δεν υπάρχουν, Καταχωρήστε ετικέτα πρώτοι!

MARC

LEADER 00000cam a2200000 a 4500
001 UCX7448
003 CL-VaPUC
008 931210e19910000GW |||||||||||||||||eng|d
082 0 4 |a 519.287  |b REV  |2 21 
100 0 |a Revuz, D  |e author  |9 324293 
700 0 |a Yor, Marc  |e author  |9 324294 
245 1 0 |a Continuous martingales and brownian motion 
300 |a 533 p 
942 |c BK 
945 |d 19931210 00:00:00  |a mfernand 
260 |a Berlín  |b Springer-Verlag  |c 1991 
650 7 |a MARTINGALA MATEMATICAS  |2 CL-VaPUC  |9 270655 
650 7 |a PROCESOS DE MOVIMIENTO BROWNIANO  |2 CL-VaPUC  |9 324295 
583 |a last modification  |c 20160321 10:11:14  |k Rodrigo Vera 
490 0 |a Grundlehren der Mathematischen Wissenschaften, 293 
999 |c 227262  |d 227260 
952 |0 0  |1 0  |3 erd  |4 0  |6 519_287000000000000_REV_1991  |7 0  |8 A  |9 226163  |a BIBGIM  |b BIBGIM  |d 2019-11-15  |i 2946114  |l 2  |o 519.287 REV 1991  |p 2946114  |r 2025-01-15  |s 2020-03-05  |w 2019-11-15  |y BK  |k EST